000 01266cam a22003614a 4500
001 2976
003 FISKH
005 20240126140934.0
008 030403s2003 enka c 000 1 eng
010 _a 2003045844
020 _a0439531640
020 _a9780439709101
040 _aDLC
_cDLC
_dDLC
_beng
041 1 _aeng
_hger
042 _apcc
_alcac
050 0 0 _aPZ7.F96624
_bIn 2003
082 0 0 _a[Fic]
_221
100 1 _aFunke, Cornelia,
_d1958-
245 1 0 _aInkheart /
_cCornelia Funke ; translated from the German by Anthea Bell.
250 _aThis edition first printing 2007
260 _aNew York :
_bScholastic,
_c2003
300 _a563 pages :
_billustrations ;
_c20 cm
520 _aTwelve-year-old Meggie learns that her father, who repairs and binds books for a living, can "read" fictional characters to life when one of those characters abducts them and tries to force him into service.
650 1 _aBooks and reading
_vFiction.
650 1 _aCharacters in literature
_vFiction.
650 1 _aMagic
_vFiction.
650 1 _aBookbinding
_vFiction.
650 1 _aAuthorship
_vFiction.
651 1 _aItaly
_vFiction.
700 1 _aBell, Anthea.
_dTranslator
906 _a7
_bcbc
_corignew
_d1
_eocip
_f20
_gy-gencatlg
942 _2ddc
_cBK
_n0
999 _c2976
_d2976